000 01061nam a22002897a 4500
001 3942
003 FISKH
005 20250828102405.0
008 240527b cb ||||| |||| 00| 0 eng d
020 _a708431390249
040 _aFISKH
_beng
_cFISKH
_dFISKH
050 _aPN1992.G6
082 _a791.45
100 _aHolland, Trish
_eauthor
245 _aGo Diego Go ! Underwater Mystery /
_cWritten by Trish Holland : Illustrated by Susan Hall : Original teleplay by Valerie Walsh
260 _aCalifornia :
_bLeapFrog ;
_c2007
300 _a25 pages :
_bcolor illustrations ;
_c24 cm .
490 _aTag Reading System
505 _aJ
520 _aDiego and his friends are on their first underwater adventure! Help Lucy the mystery fish find out what kind of fish she is, rescue a dolphin, learn lots of fun facts about jaguars, and much more.
521 8 _a450
_bLexile estimate
521 8 _aJ
_bRaz-Plus
650 _aFamily
_vFiction
700 _aHall, Susan
_eillustratior
942 _2ddc
_cBK
_n0
999 _c3942
_d3942